NO INTERVENCION, AUTODETERMINACION Y DEMOCRACIA EN AMERICA LATINA/

Guardado en:
Detalles Bibliográficos
Otros autores: Carpizo, Jorge (autor) (autor)
Formato: Libro
Temas:
Etiquetas: Agrega una etiqueta
Sin etiquetas, Sé el primero en etiquetar este registro!

MARC

LEADER 00000nam^a2200000^a^4500
001 000224219
005 20250521000000.0
009 20260310104041.291
020 |a 968-23-1234-5 
035 |a 043035 
037 |a Acervo Xavier Clavigero 
082 |a 320. 98 NOI 
245 1 0 |a NO INTERVENCION, AUTODETERMINACION Y DEMOCRACIA EN AMERICA LATINA/  |c JORGE CARPIZO ...[ ET. AL.] 
264 |a MEXICO :  |b SIGLO XXI,  |c 1983 
300 |a 338p. 
336 |a texto  |b txt  |2 rdacontenido 
337 |a sin mediación  |b n  |2 rdamedio 
338 |a volumen  |b nc  |2 rdasoporte 
649 |a XX 
650 |a Política -  |z Iberoamérica 
650 |a Democracia -  |z Iberoamérica 
700 |a Carpizo, Jorge  |e (autor) 
910 |a Fondo General 
920 |a Impresos - Libros 
930 |a Colección General 
905 |a 101 
901 |a 043035  |b IT1  |c ACC  |i 043035  |u 20250521 
902 |a https://opac.biblio.iteso.mx/vufind/Record/000224219